[Event "Almansa op-B"]
[Site "Almansa"]
[Date "2022.08.12"]
[Round "5"]
[White "Lloret Climent, Miguel"]
[Black "Sanchez Fernandez, Jose Joaquin"]
[Result "1/2-1/2"]
[WhiteElo "1939"]
[BlackElo "1967"]
[PlyCount "46"]
[EventDate "2022.08.10"]
[EventType "swiss"]
[EventRounds "8"]
[EventCountry "ESP"]
[SourceTitle "CBM 210 Extra"]
[Source "ChessBase"]
[SourceDate "2022.11.30"]
[SourceVersion "1"]
[SourceVersionDate "2022.11.30"]
[SourceQuality "1"]

1. d4 f5 2. Nf3 Nf6 3. c4 e6 4. g3 Bb4+ 5. Nbd2 d5 6. Bg2 0-0 7. 0-0 c6 8. a3 Bd6 9. b3 Qe8 10. Bb2 Qh5 11. Ne5 Nbd7 12. e3 Qxd1 13. Raxd1 a5 14. Rfe1 Ne4 15. f3 Nxd2 16. Rxd2 Nxe5 17. dxe5 Bc5 18. Rc2 Be7 19. c5 Bd7 20. Bd4 g5 21. f4 g4 22. h3 h5 23. h4 Rfb8 1/2-1/2

[Event "Almansa U2000 op 10th"]
[Site "Almansa"]
[Date "2015.08.09"]
[Round "1.4"]
[White "Sanchez Fernandez, Jose Joaquin"]
[Black "Vicente Navarro, Juan Manuel"]
[Result "1-0"]
[WhiteElo "1947"]
[BlackElo "1627"]
[PlyCount "63"]
[EventDate "2015.08.09"]
[EventType "swiss"]
[EventRounds "9"]
[EventCountry "ESP"]
[SourceTitle "EXT 2024"]
[Source "ChessBase"]
[SourceDate "2023.10.10"]
[SourceVersion "1"]
[SourceVersionDate "2023.10.10"]
[SourceQuality "1"]

1. d4 Nf6 2. Nf3 b6 3. Bf4 Nh5 4. Bg5 h6 5. Bd2 Bb7 6. Nc3 g5 7. e4 Bg7 8. Bc4 e6 9. Ne5 Bxe5 10. Qxh5 Bxd4 11. 0-0-0 Nc6 12. Nb5 a6 13. Nxd4 Nxd4 14. Bc3 c5 15. Bxd4 cxd4 16. Rxd4 Qf6 17. Rhd1 Bc6 18. Qe2 b5 19. Bd5 Bxd5 20. exd5 0-0 21. h4 exd5 22. hxg5 Qxg5+ 23. Kb1 Rae8 24. Qf3 Re4 25. Rxd5 Qg6 26. Rxd7 Rfe8 27. Rd8 h5 28. Rxe8+ Rxe8 29. a3 Re6 30. Rd8+ Kg7 31. Qc3+ Kh7 32. Qh8# 1-0

[Event "Palma de Mallorca op U2200"]
[Site "Palma de Mallorca"]
[Date "2013.01.14"]
[Round "3"]
[White "Vich Ramirez, Carles"]
[Black "Sanchez Fernandez, Jose Joaquin"]
[Result "1-0"]
[WhiteElo "2126"]
[BlackElo "1989"]
[PlyCount "73"]
[EventDate "2013.01.12"]
[EventType "swiss"]
[EventRounds "9"]
[EventCountry "ESP"]
[SourceTitle "EXT 2014"]
[Source "ChessBase"]
[SourceDate "2013.11.20"]
[SourceVersion "1"]
[SourceVersionDate "2013.11.20"]
[SourceQuality "1"]

1. e4 e6 2. d3 d5 3. Nd2 Nf6 4. Ngf3 c5 5. g3 Nc6 6. Bg2 Be7 7. 0-0 0-0 8. Re1 b5 9. e5 Nd7 10. Nf1 a5 11. h4 b4 12. N1h2 Ba6 13. Bf4 a4 14. Ng5 Bxg5 15. hxg5 a3 16. b3 Nd4 17. Rc1 Rc8 18. Qh5 Kh8 19. Re3 g6 20. Qh3 Nf5 21. Ree1 c4 22. dxc4 dxc4 23. Rcd1 cxb3 24. cxb3 Rc7 25. Ng4 Rg8 26. Nf6 Rg7 27. g4 Ne7 28. Rd6 Qc8 29. Red1 Bb5 30. Qe3 Nd5 31. Bxd5 exd5 32. R1xd5 Qb7 33. Rb6 Nxf6 34. Rd8+ Ne8 35. Rxb7 Rxb7 36. e6 Re7 37. Qc5 1-0

[Event "Mallorca-chT Primera"]
[Site "Palma de Mallorca"]
[Date "2012.02.11"]
[Round "2.5"]
[White "Sanchez Fernandez, Jose Joaquin"]
[Black "Fiol Company, Juan"]
[Result "0-1"]
[WhiteElo "2005"]
[BlackElo "1910"]
[PlyCount "108"]
[EventDate "2012.01.28"]
[EventType "team"]
[EventRounds "9"]
[EventCountry "ESP"]
[SourceTitle "EXT 2014"]
[Source "ChessBase"]
[SourceDate "2013.11.20"]
[SourceVersion "1"]
[SourceVersionDate "2013.11.20"]
[SourceQuality "1"]

1. e4 c5 2. Nf3 d6 3. d4 cxd4 4. Nxd4 Nf6 5. Nc3 g6 6. Be2 Bg7 7. Be3 0-0 8. 0-0 Nc6 9. Qd2 Ng4 10. Nxc6 bxc6 11. Bxg4 Bxg4 12. Bh6 Qa5 13. Bxg7 Kxg7 14. Qd4+ f6 15. e5 Bf5 16. exd6 Rad8 17. Rfe1 e5 18. Qd2 Qb4 19. Qe3 Rf7 20. b3 Bxc2 21. Rac1 Bf5 22. Ne4 Bxe4 23. Qxe4 Qxe4 24. Rxe4 Rxd6 25. Rec4 Rfd7 26. Kf1 Rd1+ 27. Rxd1 Rxd1+ 28. Ke2 Rd6 29. Ra4 Rd7 30. Ra6 Rc7 31. Kd3 Kf7 32. Kc4 Ke6 33. Kc5 Kd7 34. b4 f5 35. Ra3 e4 36. g4 Ke6 37. gxf5+ gxf5 38. Rh3 Ke5 39. Rh6 Kf4 40. Rh3 Rd7 41. Kxc6 Rd2 42. a4 Rxf2 43. Rxh7 e3 44. Rxa7 Rxh2 45. b5 Kf3 46. Re7 Rh4 47. b6 Rxa4 48. Kb5 Ra1 49. b7 Rb1+ 50. Kc4 e2 51. Kd3 f4 52. Kd2 Rd1+ 53. Kc2 Rd8 54. Rd7 Rxd7 0-1